LEADER 00919nam 2200337 450 001 990006101800203316 005 20151125154741.0 035 $a000610180 035 $aUSA01000610180 035 $a(ALEPH)000610180USA01 035 $a000610180 100 $a20150127d1977----km-y0itay50------ba 101 $aita 102 $aIT 105 $a||||||||001yy 200 1 $aModerni e contemporanei$fMassimo Grillandi 205 $a3. ed 210 $aRoma$cGremese$d1977 215 $a363 p.$cill.$d24 cm 606 0 $aLetteratura$xAntologie$2BNCF 676 $a808 700 1$aGRILLANDI,$bMassimo$0134042 701 1$aMANACORDA,$bGiuliano$0162724 801 0$aIT$bsalbc$gISBD 912 $a990006101800203316 951 $aXV.9.M. 97$b1049 MAR$cXV.9.M.$d366364 959 $aBK 969 $aMAR 979 $aFIORELLA$b90$c20151125$lUSA01$h1547 996 $aModerni e contemporanei$91383555 997 $aUNISA LEADER 01981cam0-22003851i-450- 001 990007028680403321 005 20161012113039.0 035 $a000702868 035 $aFED01000702868 035 $a(Aleph)000702868FED01 035 $a000702868 100 $a20020114g18181819km-y0itay50------ba 101 0 $aita 140 $aa-------------------bb0----- 200 1 $aNuovo prospetto delle scienze economiche ossia somma totale delle idee teoriche e pratiche in ogni ramo d'amministrazione privata e pubblica, divise in altrettante classi, unite in sistema ragionato e generale da Melchiorre Gioja autore delle tavole statistiche. Tomo settimo [-ottavo]. Seconda serie Trattati pratici. 210 $aMilano$cpresso Gio. Pirotta in Santa Radegonda$d1818-1819 215 $a2 v.$d4° 300 $aTit. generale dagli occhietti 300 $aLa numerazione dei tomi prosegue quella della prima serie 300 $aIl tomo ottavo presenta come falso luogo di stampa Filadelfia 327 1 $a7.: Del merito e delle ricompense trattato storico e filosofico di Melchiorre Gioja ... Tomo primo$a8.: Del merito e delle ricompense trattato storico e filosofico di Melchiorre Gioja ... Tomo secondo ed ultimo 422 0$1001000981429 620 $aItalia.$dMilano 676 $a330.1$v20$zita 700 1$aGioia,$bMelchiorre$f<1767-1829>$0145170 719 00$aPirotta,$bGiovanni$4650 801 0$aIT$bUNINA$gRICA$2UNIMARC 901 $aAQ 912 $a990007028680403321 952 $aXV B 105 (7)$b4268$fFGBC 952 $aXV B 105 (8)$b4268$fFGBC 952 $aLEGATO FIORE XI 10 (1-2)$b9954$fFGBC 959 $aFGBC 996 $aNuovo prospetto delle scienze economiche ossia somma totale delle idee teoriche e pratiche in ogni ramo d'amministrazione privata e pubblica, divise in altrettante classi, unite in sistema ragionato e generale da Melchiorre Gioja autore delle tavole statistiche. Tomo settimo . Seconda serie Trattati pratici .$9697768 997 $aUNINA